| 000 | 00869nam a2200229 a 4500 | ||
|---|---|---|---|
| 001 | 000006232 | ||
| 005 | 20200929153914.0 | ||
| 008 | 090827s2001 dr 001 0 spa d | ||
| 040 |
_aDO-SdBNP _bspa _cBNPHU |
||
| 082 |
_a344.729302 _bR426Le |
||
| 110 | 1 |
_aRepública Dominicana _9447 |
|
| 240 | 1 | 0 | _a[Leyes, etc.] |
| 245 | 1 | 0 |
_aLey no. 87-01 sobre sistema dominicano de seguridad social : _bpromulgada el 10 de mayo del 2001 : modificada por la Ley 188-07 del 10 de agosto del 2007. |
| 260 |
_aSanto Domingo : _b[s.n.], _c2001. |
||
| 300 |
_a118 p. ; _c22 cm. |
||
| 500 | _aTitulo tomado de la cubierta | ||
| 590 | _aInventariado, 2018/VM | ||
| 650 | 4 |
_aSeguridad social _xLegislación _zRepública Dominicana _914351 |
|
| 650 | 4 |
_aLeyes _zRepública Dominicana _93033 |
|
| 651 | 4 |
_aRepública Dominicana _xLey 87-01 _917419 |
|
| 910 | _aValidado. Control de calidad MFF | ||
| 999 |
_c6027 _d6027 |
||